LDR 00887naa#a2200193#i#450# 001 EN\INFRA-M\bibl\126399 005 20260702162948.4 011 ## _a2306-1731 100 ## _a20260623b2026####ek#y0engy0150####ca 102 ## _aRU 200 1# _aNEET-Youth and Labor Market Prospects _eJournal article 210 1# _aMoscow _cINFRA-M Academic Publishing LLC. _d2026 215 ## _a7 с. 608 ## _aJournal article _2local 675 ## _aСтруктура рынка труда. 331.52 _aБезработица. Структурная безработица. Конъюнктурная безработица. Сезонная безработица. Текучая безработица. Последствия безработицы и борьба с ними. 331.56 _z 700 #1 _aSerbina _gNataliya Vital'evna 700 #1 _aChudinovskih _gM. V. 700 #1 _aGudoshnikova _gYulia Victorovna 856 4# _azh-szf.ru _u